Change in knowledgent, attitude and practice of pediatricians about infant oral health and early childhood caries in children including with special healthcare needs after dental health education program in South-West Delhi (Record no. 30406)

MARC details
000 -LEADER
fixed length control field 00513nam a22001337a 4500
003 - CONTROL NUMBER IDENTIFIER
control field SGT
082 ## - DEWEY DECIMAL CLASSIFICATION NUMBER
Classification number 617.645
Item number C25M
100 ## - MAIN ENTRY--PERSONAL NAME
Personal name Mehlawat, Rachita
245 ## - TITLE STATEMENT
Title Change in knowledgent, attitude and practice of pediatricians about infant oral health and early childhood caries in children including with special healthcare needs after dental health education program in South-West Delhi
260 ## - PUBLICATION, DISTRIBUTION, ETC. (IMPRINT)
Place of publication, distribution, etc Gurugram, Haryana
Name of publisher, distributor, etc SGT University
Year of Publication 2024
300 ## - PAGE DESCRIPTION
No. of Pages 79
650 ## - SUBJECT ADDED ENTRY--TOPICAL TERM
Topical term or geographic name as entry element Pediatric Dentistry
942 ## - ADDED ENTRY ELEMENTS (KOHA)
Source of classification or shelving scheme Dewey Decimal Classification
Koha item type Thesis/Dissertation
Holdings
Withdrawn status Lost status Source of classification or shelving scheme Damaged status Use restrictions Not for loan Home library Current library Date acquired SGTU Total Checkouts Full call number Accession No. (Barcode) Date last seen Bill Date Koha item type
    Dewey Decimal Classification   Restricted Access Not For Loan SGT Dental Library SGT Dental Library 24/03/2025 SGTU   617.645 C25M DT2193 24/03/2025 24/03/2025 Thesis/Dissertation